Applied computational aerodynamics (Record no. 84277)

MARC details
000 -LEADER
fixed length control field 01248nam a2200193 a 4500
008 - FIXED-LENGTH DATA ELEMENTS--GENERAL INFORMATION
fixed length control field 190715s1990 ||||||||||||||||| || u
020 ## - INTERNATIONAL STANDARD BOOK NUMBER
International Standard Book Number 093040369X
050 ## - LIBRARY OF CONGRESS CALL NUMBER
Classification number TL 507 App
100 ## - MAIN ENTRY--PERSONAL NAME
Personal name Henne, P.A
245 10 - TITLE STATEMENT
Title Applied computational aerodynamics
Statement of responsibility, etc. Edited by P. A. Henne
260 ## - PUBLICATION, DISTRIBUTION, ETC.
Place of publication, distribution, etc. Washington
Name of publisher, distributor, etc. American Institute of Aeronautics and Astronautics
Date of publication, distribution, etc. 1990
300 ## - PHYSICAL DESCRIPTION
Extent xix, 914 pages, [variuos plates] : illustrations
650 #0 - SUBJECT ADDED ENTRY--TOPICAL TERM
Topical term or geographic name entry element AERODYNAMICS
995 ## -
-- SHORT LOAN BOOKS
-- 750116
-- CBU-MAIN LIBRARY (Kitwe)
-- TL 507 App
-- 5
-- AVAILABLE
-- Nov 26, 2019
-- 750116
-- Short Loan Collection
995 ## -
-- MAIN LIBRARY OPEN ACCESS
-- 79.14
-- 749462
-- CBU-MAIN LIBRARY (Kitwe)
-- TL 507 App
-- 3
-- AVAILABLE
-- Jul 17, 2019
-- 749462
-- Main Library Open Access Collection
995 ## -
-- MAIN LIBRARY OPEN ACCESS
-- 79.14
-- 749459
-- CBU-MAIN LIBRARY (Kitwe)
-- TL 507 App
-- 1
-- AVAILABLE
-- Jul 17, 2019
-- 749459
-- Main Library Open Access Collection
995 ## -
-- MAIN LIBRARY OPEN ACCESS
-- 79.14
-- 749460
-- CBU-MAIN LIBRARY (Kitwe)
-- TL 507 App
-- 3
-- AVAILABLE
-- Jul 17, 2019
-- 749460
-- Main Library Open Access Collection
995 ## -
-- MAIN LIBRARY OPEN ACCESS
-- 79.14
-- 749461
-- CBU-MAIN LIBRARY (Kitwe)
-- TL 507 App
-- 4
-- AVAILABLE
-- Jul 17, 2019
-- 749461
-- Main Library Open Access Collection
999 ## -
-- 84277
-- 84277
Holdings
Withdrawn status Lost status Source of classification or shelving scheme Damaged status Not for loan Permanent Location Current Location Shelving location Date acquired Total Checkouts Full call number Barcode Date last seen Copy number Price effective from Koha item type
          CBU-MAIN LIBRARY, KITWE. CBU-MAIN LIBRARY, KITWE.   01/25/2024   TL 507 App 750116 01/25/2024 1 01/25/2024 SHORT LOAN COLLECTION
          CBU-MAIN LIBRARY, KITWE. CBU-MAIN LIBRARY, KITWE.   01/25/2024   TL 507 App 749462 01/25/2024 2 01/25/2024 MONOGRAPH
          CBU-MAIN LIBRARY, KITWE. CBU-MAIN LIBRARY, KITWE.   01/25/2024   TL 507 App 749459 01/25/2024 3 01/25/2024 MONOGRAPH
          CBU-MAIN LIBRARY, KITWE. CBU-MAIN LIBRARY, KITWE.   01/25/2024   TL 507 App 749460 01/25/2024 4 01/25/2024 MONOGRAPH
          CBU-MAIN LIBRARY, KITWE. CBU-MAIN LIBRARY, KITWE.   01/25/2024   TL 507 App 749461 01/25/2024 5 01/25/2024 MONOGRAPH